Представление документа в формате MARC21

Поле Инд. ПП Название Значение
Тип записи a
Библиографический уровень m
001 Контрольный номер 0453aa2e1d81493d8efe2bda2e1f64fa
005 Дата корректировки 20260302120033.7
084 a Индекс другой классификации/Индекс ББК 3
091 i Возрастная адресация (DOS) 0+
097 b Оператор Чирова
245 10 a Заглавие Радуга идей
n Номер части/ раздела 1
260 c Дата издания 2026
900 a Имя макрообъекта E0041D100131E131
901 t Тип документа s